[Event "Nova Gorica op 5th"]
[Site "Nova Gorica"]
[Date "2000.02.05"]
[Round "5"]
[White "Fercec, Nenad"]
[Black "Cebalo, Miso"]
[Result "1-0"]
[WhiteElo "2464"]
[BlackElo "2553"]
[PlyCount "89"]
[EventDate "2000.02.01"]
[Source "www.chesslib.no"]
[SourceDate "2004.05.04"]

1. e4 c5 2. Nf3 d6 3. d4 cxd4 4. Nxd4 Nf6 5. Nc3 g6 6. Be3 Bg7 7. f3 O-O 8. Qd2 Nc6 9. Bc4 Bd7 10. O-O-O Ne5 11. Bb3 Qa5 12. Kb1 Rfc8 13. h4 b5 14. Ncxb5 Qxd2 15. Rxd2 Rab8 16. a4 a6 17. Na3 Be8 18. Ka2 Nfd7 19. Bg5 Kf8 20. h5 Nc5 21. hxg6 hxg6 22. a5 Nxb3 23. Nxb3 Bd7 24. Kb1 Ba4 25. Rh7 Kg8 26. Rxg7+ Kxg7 27. Bxe7 Bxb3 28. cxb3 Rxb3 29. Rxd6 Nd3 30. Bf6+ Kh6 31. Rxa6 Nc5 32. Rb6 Rxb6 33. axb6 Nd7 34. Bd4 f5 35. exf5 gxf5 36. b3 Rg8 37. Nc4 Rxg2 38. b7 Rg8 39. Ba7 Kg5 40. b4 Kf4 41. Nb6 Rb8 42. Bxb8+ Nxb8 43. Kc2 Kxf3 44. Kd3 f4 45. Nd5 1-0

[Event "Zenica"]
[Site "Zenica BIH"]
[Date "1989.??.??"]
[Round "8"]
[White "Renet, Olivier"]
[Black "Velimirovic, Dragoljub"]
[Result "1-0"]
[WhiteElo "2480"]
[BlackElo "2530"]
[PlyCount "81"]
[EventDate "1989.04.??"]
[Source "www.chesslib.no"]
[SourceDate "2004.05.04"]

1. e4 c5 2. Nf3 d6 3. d4 cxd4 4. Nxd4 Nf6 5. Nc3 g6 6. Be3 Bg7 7. f3 Nc6 8. Qd2 O-O 9. Bc4 Qa5 10. O-O-O Bd7 11. Bb3 Ne5 12. g4 Rfd8 13. h4 Nc4 14. Qd3 Nxe3 15. Qxe3 Qc5 16. Qd3 Qe5 17. Kb1 b5 18. Ncxb5 Rab8 19. Na3 a5 20. c3 a4 21. Bc4 Be8 22. Ka1 Nd7 23. Qd2 Qa5 24. h5 Ne5 25. Be2 Nc6 26. hxg6 hxg6 27. Nc4 Qa7 28. Nf5 gxf5 29. gxf5 Rxb2 30. Kxb2 Ne5 31. Rdg1 Ng6 32. fxg6 fxg6 33. e5 Bf7 34. e6 Be8 35. Rc1 Qc5 36. Rh4 a3+ 37. Ka1 d5 38. Qe3 Qxe3 39. Nxe3 Bxc3+ 40. Kb1 d4 41. Rxc3 1-0

[Event "Ch Czech Republic (cat.11)"]
[Site "?"]
[Date "2005.02.10"]
[Round "10"]
[White "Haba Petr"]
[Black "Klima Lukas"]
[Result "1-0"]
[WhiteElo "2525"]
[BlackElo "2484"]
[PlyCount "75"]
[EventDate "2005.??.??"]
[Source "www.chesslib.no"]
[SourceDate "2004.05.04"]

1. e4 c5 2. Nf3 d6 3. d4 cxd4 4. Nxd4 Nf6 5. Nc3 g6 6. Be3 Bg7 7. f3 O-O 8. Qd2 Nc6 9. Bc4 Bd7 10. O-O-O Qa5 11. h4 Rfc8 12. Bb3 Ne5 13. Kb1 Nc4 14. Bxc4 Rxc4 15. Nb3 Qa6 16. e5 dxe5 17. Nc5 Rxc5 18. Bxc5 Re8 19. h5 Be6 20. hxg6 fxg6 21. Rh4 e4 22. fxe4 Rc8 23. Ba3 g5 24. Rhh1 b5 25. Nd5 Nxe4 26. Qd3 Rc4 27. Nxe7+ Kf7 28. Rhf1+ Bf6 29. Nd5 Bxd5 30. Qxd5+ Qe6 31. Qxb5 Rc6 32. Qd5 Qxd5 33. Rxd5 Kg6 34. Re1 Re6 35. Bb4 h5 36. c4 Rb6 37. Rxe4 Rxb4 38. b3 1-0

[Event "Krasnodar"]
[Site "Krasnodar"]
[Date "2000.??.??"]
[Round "9"]
[White "Beshukov, Sergei"]
[Black "Nadyrhanov, Sergey"]
[Result "1/2-1/2"]
[WhiteElo "2460"]
[BlackElo "2546"]
[PlyCount "114"]
[EventDate "2000.??.??"]
[Source "www.chesslib.no"]
[SourceDate "2004.05.04"]

1. e4 c5 2. Nf3 d6 3. d4 cxd4 4. Nxd4 Nf6 5. Nc3 g6 6. Be3 Bg7 7. f3 Nc6 8. Qd2 O-O 9. Bc4 Bd7 10. O-O-O Qa5 11. Bb3 Rfc8 12. g4 Ne5 13. Kb1 b5 14. g5 Ne8 15. Ncxb5 Qxd2 16. Rxd2 Nxf3 17. Nxf3 Bxb5 18. Bd5 Bc6 19. Nd4 Bxd4 20. Bxd4 e5 21. Bf2 Bxd5 22. exd5 h6 23. h4 f5 24. gxf6 Nxf6 25. Rd3 Ng4 26. Be1 Rab8 27. Rg1 h5 28. Ra3 Rc5 29. Rxa7 Rxd5 30. Bc3 Rc5 31. Bd2 Rbc8 32. c3 Rf8 33. b4 Rd5 34. Bg5 e4 35. Re7 Ne5 36. Be3 Rf7 37. Re8+ Rf8 38. Re7 Rf7 39. Re8+ Rf8 40. Rxf8+ Kxf8 41. Bh6+ Ke7 42. Re1 Rd3 43. Kc2 d5 44. Re3 Kd7 45. Rxd3 exd3+ 46. Kd2 Nf3+ 47. Kxd3 Nxh4 48. a4 Nf5 49. Bf4 h4 50. b5 h3 51. Be5 g5 52. Ke2 d4 53. cxd4 Nxd4+ 54. Kf2 Nb3 55. Kg3 Ke6 56. Bb8 Kd5 57. Kxh3 Kc5 1/2-1/2

[Event "JUG-ch52"]
[Site "Niksic"]
[Date "1997.??.??"]
[Round "12"]
[White "Kovacevic, Aleksandar"]
[Black "Markovic, Miroslav"]
[Result "0-1"]
[WhiteElo "2485"]
[BlackElo "2520"]
[PlyCount "84"]
[EventDate "1997.??.??"]
[Source "www.chesslib.no"]
[SourceDate "2004.05.04"]

1. e4 c5 2. Nf3 d6 3. d4 cxd4 4. Nxd4 Nf6 5. Nc3 g6 6. Be3 Bg7 7. f3 O-O 8. Qd2 Nc6 9. Bc4 Bd7 10. O-O-O Ne5 11. Bb3 Qa5 12. h4 Rfc8 13. Kb1 b5 14. Ncxb5 Qxd2 15. Bxd2 Rab8 16. Nc3 Nc4 17. Bc1 h5 18. Nde2 a5 19. a4 Be8 20. Nd4 Nb6 21. Ndb5 Nfd7 22. Bg5 Kf8 23. Nd5 Nxd5 24. exd5 Nc5 25. Rhe1 Rb7 26. Re3 Bxb5 27. axb5 Rxb5 28. Bxe7+ Kg8 29. Bxd6 a4 30. Rde1 axb3 31. Re8+ Rxe8 32. Rxe8+ Kh7 33. c4 Ra5 34. Re7 Nd3 35. Rxf7 Ra2 36. Ba3 Kg8 37. Rb7 Bxb2 38. Bxb2 Rxb2+ 39. Ka1 Rxg2 40. Rxb3 Rg1+ 41. Rb1 Rxb1+ 42. Kxb1 Kf7 0-1

[Event "23rd Open"]
[Site "Bratto"]
[Date "2003.08.27"]
[Round "7"]
[White "Dervishi, Erald"]
[Black "Cebalo, Miso"]
[Result "0-1"]
[WhiteElo "2495"]
[BlackElo "2510"]
[PlyCount "100"]
[EventDate "2003.08.21"]
[Source "Roberto Alvarez"]
[SourceDate "2003.09.08"]

1. e4 c5 2. Nf3 d6 3. d4 cxd4 4. Nxd4 Nf6 5. Nc3 g6 6. Be3 Bg7 7. Bc4 O-O 8. f3 Nc6 9. Qd2 Bd7 10. O-O-O Qa5 11. Bb3 Rfc8 12. Kb1 Ne5 13. h4 b5 14. Ncxb5 Qxd2 15. Bxd2 Rab8 16. Nc3 h5 17. Rhe1 Be8 18. Ka1 Kf8 19. Bg5 a5 20. f4 Nc4 21. e5 a4 22. Bxc4 Rxc4 23. a3 dxe5 24. fxe5 Ng4 25. Nd5 Rb7 26. Ne3 Rc8 27. Nxg4 hxg4 28. Bf4 Rd7 29. Kb1 Rdd8 30. b4 Rc4 31. Ne2 Rxd1+ 32. Rxd1 Re4 33. Rd2 f6 34. Bg3 Bh6 35. Nc3 Rxb4+ 36. axb4 Bxd2 37. Ne4 Bxb4 38. exf6 Bc6 39. fxe7+ Kxe7 40. Nf2 Be1 41. Ne4 Bxg3 42. Nxg3 Bxg2 43. h5 gxh5 44. Nxh5 Bc6 45. Kb2 Kd6 46. c4 Ke5 47. Kc3 Be8 48. Ng3 Kf4 49. Ne2+ Ke5 50. Ng3 Bg6 0-1

[Event "LADAC/CAPA"]
[Site "?"]
[Date "1998.10.04"]
[Round "?"]
[White "Kunzmann Hector A.(ARG)"]
[Black "Enricci Juan Andres (ARG)"]
[Result "1-0"]
[WhiteElo "2487"]
[BlackElo "2509"]
[PlyCount "111"]
[EventDate "1998.??.??"]
[Source "www.chesslib.no"]
[SourceDate "2004.05.04"]

1. e4 c5 2. Nf3 Nc6 3. d4 cxd4 4. Nxd4 Nf6 5. Nc3 g6 6. Be3 Bg7 7. f3 d6 8. Qd2 O-O 9. Bc4 Bd7 10. O-O-O Qa5 11. Bb3 Rfc8 12. h4 Ne5 13. h5 Nxh5 14. Nd5 Qxd2+ 15. Rxd2 Kf8 16. g4 Nf6 17. Rdh2 e6 18. Nxf6 Bxf6 19. Rxh7 a5 20. g5 Bg7 21. a3 b5 22. Kb1 Rab8 23. Bd2 b4 24. a4 Kg8 25. Bf4 Rc5 26. Bg3 Rbc8 27. R1h2 Nc6 28. Nxc6 R5xc6 29. Bf2 e5 30. Be3 Be6 31. R7h4 R8c7 32. Bd5 Ra6 33. Rd2 Bd7 34. b3 Be6 35. Rh1 Kf8 36. Rhd1 Ke7 37. Bf2 Bf8 38. Rd3 Bg7 39. Kb2 Bf8 40. c4 Bc8 41. Rh1 Bg7 42. Rh7 Kf8 43. Rd1 Kg8 44. Rdh1 Bb7 45. Kc2 Bc8 46. Kd3 Kf8 47. Rc1 Be6 48. Be3 Kg8 49. Rh2 Kf8 50. c5 dxc5 51. Rxc5 Re7 52. Bxe6 fxe6 53. Rc8+ Re8 54. Rhc2 Rd6+ 55. Ke2 Rd7 56. Bb6 1-0

[Event "Saint Petersburg"]
[Site "?"]
[Date "1999.??.??"]
[Round "?"]
[White "Soloviov, S."]
[Black "Motylev, A."]
[Result "0-1"]
[WhiteElo "2465"]
[BlackElo "2530"]
[PlyCount "80"]
[EventDate "1999.??.??"]
[Source "Chess Informant"]
[SourceDate "1999.10.01"]

1. e4 c5 2. Nf3 Nc6 3. d4 cxd4 4. Nxd4 g6 5. Nc3 Bg7 6. Be3 Nf6 7. Bc4 O-O 8. Bb3 d6 9. f3 Bd7 10. Qd2 Qa5 11. O-O-O Rfc8 12. g4 Ne5 13. h4 Rc4 14. Bxc4 Nxc4 15. Qd3 Qb4 16. Nb3 Nxe4 17. Nxe4 Nxb2 18. Qd5 Nc4 19. Rd3 Bc6 20. Qg5 Qa3+ 21. Kd1 Nb2+ 22. Ke2 Nxd3 23. Kxd3 d5 24. Nec5 e5 25. h5 d4 26. Bd2 e4+ 27. Ke2 e3 28. h6 Bh8 29. Ba5 Qxa2 30. Rc1 b6 31. Qe7 bxc5 32. Qxc5 Qa4 33. Kd3 Rc8 34. Qb4 Bb5+ 35. Ke4 Re8+ 36. Kf4 Be5+ 37. Kg5 Qxb4 38. Bxb4 Bg3 39. Nxd4 f6+ 40. Kxf6 Be5+ 0-1

[Event "Cappelle op 18th"]
[Site "Cappelle la Grande"]
[Date "2002.02.10"]
[Round "2"]
[White "Movsesian, Sergei"]
[Black "Bergez, Luc"]
[Result "1-0"]
[WhiteElo "2624"]
[BlackElo "2370"]
[PlyCount "55"]
[EventDate "2002.02.09"]
[Source "ChessBase"]
[SourceDate "2002.03.14"]

1. e4 c5 2. Nf3 d6 3. d4 cxd4 4. Nxd4 Nf6 5. Nc3 g6 6. Be3 Bg7 7. f3 O-O 8. Qd2 Nc6 9. Bc4 Bd7 10. O-O-O Qa5 11. Bb3 Rfc8 12. Kb1 Ne5 13. Bg5 Rc5 14. h4 Re8 15. h5 Nxh5 16. Bh6 Bxh6 17. Qxh6 Rxc3 18. bxc3 Rc8 19. g4 Nf6 20. g5 Nh5 21. Rxh5 gxh5 22. Nf5 Bxf5 23. exf5 Kh8 24. Rh1 Qd8 25. g6 Nxg6 26. Qxh5 Qg8 27. fxg6 fxg6 28. Qh3 1-0

[Event "II Open internazionale"]
[Site "Morelia MES"]
[Date "2007.02.17"]
[Round "4"]
[White "Stellwagen, D."]
[Black "Almeida Saenz, A."]
[Result "1-0"]
[WhiteElo "2585"]
[BlackElo "2404"]
[PlyCount "91"]
[EventDate "2007.02.15"]
[Source "www.chesslib.no"]
[SourceDate "2004.05.04"]

1. e4 c5 2. Nf3 d6 3. d4 cxd4 4. Nxd4 Nf6 5. Nc3 g6 6. Be3 Bg7 7. f3 Nc6 8. Bc4 Bd7 9. Qd2 O-O 10. O-O-O Ne5 11. Bb3 Qa5 12. Kb1 Rfc8 13. h4 h5 14. Bg5 Rc5 15. Bxf6 exf6 16. f4 Bh6 17. Nde2 Nc4 18. Bxc4 Rxc4 19. Qxd6 Bg4 20. g3 Bxe2 21. Nxe2 Rxe4 22. Nc3 Re6 23. Qd7 f5 24. Rhe1 Rxe1 25. Rxe1 Bf8 26. Qxb7 Rd8 27. Re5 Qb6 28. Qxb6 axb6 29. Rd5 Re8 30. a4 Re3 31. Rd3 Re1+ 32. Ka2 Bc5 33. Nd5 Rg1 34. b4 Bf2 35. c4 Bxg3 36. Nxb6 Bxh4 37. a5 Bf6 38. c5 h4 39. c6 Rc1 40. a6 g5 41. Kb3 g4 42. a7 h3 43. a8=Q+ Kg7 44. c7 Rxc7 45. Nd5 Rc1 46. Nxf6 1-0

[Event "Paris-ch"]
[Site "Paris"]
[Date "2000.07.20"]
[Round "6"]
[White "Palac, Mladen"]
[Black "Bergez, Luc"]
[Result "1-0"]
[WhiteElo "2573"]
[BlackElo "2413"]
[PlyCount "91"]
[EventDate "2000.07.15"]
[Source "www.chesslib.no"]
[SourceDate "2004.05.04"]

1. e4 c5 2. Nf3 d6 3. d4 cxd4 4. Nxd4 Nf6 5. Nc3 g6 6. Be3 Bg7 7. f3 Nc6 8. Qd2 O-O 9. Bc4 Bd7 10. O-O-O Qa5 11. Kb1 Rfc8 12. Bb3 Ne5 13. Bg5 Nc4 14. Bxc4 Rxc4 15. Bxf6 Bxf6 16. Nd5 Qxd2 17. Nxf6+ Kg7 18. Nh5+ Kh6 19. Rxd2 Kxh5 20. Ne2 Kh6 21. e5 Rac8 22. exd6 exd6 23. Ng3 R4c6 24. Rhd1 Be6 25. Ne2 Rd8 26. Nd4 Ra6 27. b3 d5 28. Kb2 Rc8 29. Re1 Kg7 30. g4 g5 31. Rde2 Kf6 32. h4 gxh4 33. Re5 Re8 34. f4 Rh8 35. g5+ Kg7 36. Rh1 Rd6 37. f5 Bd7 38. Rxh4 h6 39. f6+ Kg6 40. Nf3 Re6 41. Rh2 Bc6 42. Nh4+ Kh5 43. Rxe6 fxe6 44. g6 Rg8 45. Nf5+ Kg5 46. Ne7 1-0

[Event "Russia"]
[Site "?"]
[Date "1997.??.??"]
[Round "?"]
[White "Berelovich, A."]
[Black "Nadyrhanov, S."]
[Result "1/2-1/2"]
[WhiteElo "2515"]
[BlackElo "2470"]
[PlyCount "152"]
[EventDate "1997.??.??"]
[Source "ChessBase"]
[SourceDate "1997.06.01"]

1. e4 c5 2. Nf3 d6 3. d4 cxd4 4. Nxd4 Nf6 5. Nc3 g6 6. Be3 Bg7 7. f3 Nc6 8. Qd2 O-O 9. Bc4 Bd7 10. Bb3 Qa5 11. O-O-O Rfc8 12. h4 Ne5 13. Kb1 Nc4 14. Bxc4 Rxc4 15. h5 Nxh5 16. g4 Nf6 17. Nb3 Qd8 18. Bh6 Bxh6 19. Rxh6 Rac8 20. Rdh1 Rxc3 21. bxc3 Qc7 22. e5 dxe5 23. Rxh7 Nxh7 24. Qh6 e6 25. Qxh7+ Kf8 26. Qh8+ Ke7 27. Qh4+ Kd6 28. Rd1+ Kc6 29. Qe7 b6 30. Qxf7 Be8 31. Qxe6+ Kb7 32. Rd3 Bf7 33. Qf6 Re8 34. Nd2 Re6 35. Qd8 Qxd8 36. Rxd8 Kc7 37. Ra8 Kb7 38. Rf8 Be8 39. Ne4 Bc6 40. Rf7+ Ka6 41. c4 Bxe4 42. fxe4 Rc6 43. Re7 Rxc4 44. Rxe5 Kb7 45. g5 Kc6 46. Re7 Kd6 47. Rxa7 Rxe4 48. Rf7 Re6 49. a4 Re5 50. Rf6+ Kc7 51. Rxg6 Ra5 52. Rg7+ Kc6 53. g6 Rxa4 54. Rf7 Rg4 55. g7 b5 56. Kc1 Rg2 57. Kb2 b4 58. Kc1 Kd5 59. Rc7 Kd6 60. Ra7 Kc5 61. Kd1 Kc4 62. Ke1 Kd4 63. Kf1 Rg6 64. Kf2 Ke5 65. Rc7 Rg4 66. Rb7 Kf5 67. Kf3 Rg1 68. Ke3 Ke5 69. Kf3 Kf5 70. Rb5+ Ke6 71. Rb6+ Ke5 72. Rb7 Kf5 73. Kf2 Rg4 74. Ke2 Ke5 75. Kd2 Kd5 76. Ra7 Rg3 1/2-1/2

[Event "Hotel Agro GM"]
[Site "Budapest"]
[Date "1999.07.30"]
[Round "1"]
[White "Gross, David"]
[Black "Ovsejevitsch, Sergei"]
[Result "1/2-1/2"]
[WhiteElo "2465"]
[BlackElo "2515"]
[PlyCount "71"]
[EventDate "1999.08.05"]
[Source "ChessBase"]
[SourceDate "1999.12.01"]

1. e4 c5 2. Nf3 d6 3. d4 cxd4 4. Nxd4 Nf6 5. Nc3 g6 6. Be3 Bg7 7. f3 O-O 8. Qd2 Nc6 9. Bc4 Bd7 10. O-O-O Qa5 11. Bb3 Rfc8 12. Kb1 Ne5 13. h4 b5 14. h5 Nc4 15. Bxc4 bxc4 16. Bh6 Bxh6 17. Qxh6 Rab8 18. Nd5 Nxd5 19. exd5 Qa3 20. Nb3 cxb3 21. bxa3 bxc2+ 22. Ka1 cxd1=Q+ 23. Rxd1 Bf5 24. g4 Bc2 25. Rc1 Rc7 26. Qd2 Bd3 27. Rh1 Bc2 28. Rc1 Bd3 29. Rh1 Bc2 30. a4 f6 31. Rc1 Bd3 32. Rh1 Bc2 33. a5 g5 34. Rc1 Bd3 35. Rh1 Bc2 36. Rc1 1/2-1/2

[Event "Mar del Plata op"]
[Site "Mar del Plata"]
[Date "1996.??.??"]
[Round "4"]
[White "Milos, Gilberto"]
[Black "Hoffman, Alejandro"]
[Result "1-0"]
[WhiteElo "2565"]
[BlackElo "2410"]
[PlyCount "39"]
[EventDate "1996.03.??"]
[Source "ChessBase"]

1. e4 c5 2. Nf3 d6 3. d4 cxd4 4. Nxd4 Nf6 5. Nc3 g6 6. Be3 Bg7 7. f3 O-O 8. Qd2 Nc6 9. Bc4 Bd7 10. O-O-O Qa5 11. Kb1 Rfc8 12. Bb3 Ne5 13. Bg5 Qd8 14. f4 Rxc3 15. Qxc3 Nxe4 16. Qe3 Nxg5 17. fxe5 h6 18. exd6 exd6 19. h4 Nh7 20. Qe4 1-0

[Event "Hastings Premier 9798"]
[Site "Hastings"]
[Date "1998.01.02"]
[Round "4"]
[White "Rausis, Igors"]
[Black "Ward, Christopher"]
[Result "1/2-1/2"]
[WhiteElo "2490"]
[BlackElo "2485"]
[PlyCount "105"]
[EventDate "1997.12.29"]
[Source "ChessBase"]
[SourceDate "1998.04.09"]

1. e4 c5 2. Nf3 d6 3. d4 cxd4 4. Nxd4 Nf6 5. Nc3 g6 6. Be3 Bg7 7. f3 Nc6 8. Qd2 O-O 9. Bc4 Bd7 10. O-O-O Qa5 11. Bb3 Rfc8 12. h4 Ne5 13. Kb1 Nc4 14. Bxc4 Rxc4 15. Nb3 Qc7 16. Bh6 Bh8 17. h5 Rxc3 18. bxc3 Be6 19. hxg6 fxg6 20. Be3 a5 21. Bd4 a4 22. Nc1 Ra5 23. g4 Rb5+ 24. Ka1 Bxg4 25. fxg4 Nxe4 26. Qe3 Qxc3+ 27. Qxc3 Nxc3 28. Ne2 Nxd1 29. Rxd1 Bxd4+ 30. Rxd4 a3 31. Nc3 Rc5 32. Nb1 Rxc2 33. Nxa3 Rg2 34. Rb4 Kf7 35. Nb1 h5 36. gxh5 gxh5 37. Rxb7 h4 38. Rb3 e5 39. Rh3 Rg4 40. Nc3 Rg3 41. Rxg3 hxg3 42. Kb2 d5 43. Ne2 g2 44. Kc3 Ke6 45. Kd3 d4 46. Ke4 Kd6 47. Kf3 d3 48. Kxg2 dxe2 49. Kf2 Kc5 50. Kxe2 Kb4 51. Ke3 Ka3 52. Ke4 Kxa2 53. Kxe5 1/2-1/2

[Event "ECC"]
[Site "Rethymnon"]
[Date "2003.09.29"]
[Round "2"]
[White "Socko, Bartosz"]
[Black "Radziewicz, Iweta"]
[Result "1-0"]
[WhiteElo "2551"]
[BlackElo "2419"]
[PlyCount "59"]
[EventDate "2003.09.28"]
[Source "Roberto Alvarez"]
[SourceDate "2003.10.06"]

1. e4 c5 2. Nf3 g6 3. d4 cxd4 4. Nxd4 Bg7 5. Nc3 Nc6 6. Be3 Nf6 7. Bc4 O-O 8. Bb3 d6 9. f3 Bd7 10. Qd2 Qa5 11. O-O-O Rfc8 12. Kb1 Ne5 13. h4 Nc4 14. Bxc4 Rxc4 15. Nb3 Qc7 16. g4 Rc8 17. h5 Bxg4 18. fxg4 Nxe4 19. Qg2 Nxc3+ 20. bxc3 Rxc3 21. Bd4 Rxc2 22. Rd2 Rxd2 23. Qxd2 Qc6 24. Re1 Bxd4 25. Nxd4 Qb6+ 26. Nb3 e6 27. Rd1 Rc5 28. h6 Kf8 29. g5 Ke7 30. Ka1 1-0

[Event "Nice ol (Men)"]
[Site "Nice FRA"]
[Date "1974.??.??"]
[Round "8"]
[White "Byrne, Robert E"]
[Black "Yepez Obando, Olavo"]
[Result "1-0"]
[WhiteElo "2595"]
[BlackElo "2370"]
[PlyCount "63"]
[EventDate "1974.06.06"]
[Source "www.chesslib.no"]
[SourceDate "2004.05.04"]

1. e4 c5 2. Nf3 d6 3. d4 cxd4 4. Nxd4 Nf6 5. Nc3 g6 6. Be3 Bg7 7. f3 Nc6 8. Qd2 O-O 9. Bc4 Bd7 10. O-O-O Qa5 11. Kb1 Rfc8 12. Bb3 Ne5 13. Bg5 Rxc3 14. Qxc3 Qxc3 15. bxc3 Rc8 16. Rhe1 Nc4 17. h3 e5 18. Ne2 Ne8 19. Ng3 Be6 20. Nf1 Nc7 21. Bxc4 Bxc4 22. Rxd6 Nb5 23. Rd8+ Rxd8 24. Bxd8 Nxc3+ 25. Kb2 Na4+ 26. Ka3 b5 27. Be7 Be6 28. Ne3 Nb6 29. Kb4 f5 30. Kxb5 f4 31. Nd5 Kf7 32. Nxb6 1-0

[Event "Clarin GP op"]
[Site "Villa Martelli"]
[Date "1997.??.??"]
[Round "5"]
[White "German, Gustavo"]
[Black "Hoffman, Alejandro"]
[Result "0-1"]
[WhiteElo "2495"]
[BlackElo "2465"]
[PlyCount "90"]
[EventDate "1997.??.??"]
[Source "www.chesslib.no"]
[SourceDate "2004.05.04"]

1. e4 c5 2. Nf3 d6 3. d4 cxd4 4. Nxd4 Nf6 5. Nc3 g6 6. Be3 Bg7 7. f3 Nc6 8. Qd2 Bd7 9. Bc4 O-O 10. O-O-O Ne5 11. Bb3 Qa5 12. Kb1 Rfc8 13. h4 Nc4 14. Bxc4 Rxc4 15. Nb3 Qe5 16. Bd4 Qe6 17. Ne2 Ba4 18. h5 Rac8 19. Rc1 b6 20. hxg6 fxg6 21. g4 Qf7 22. Rh2 Be8 23. Ng3 Nd7 24. Bxg7 Qxg7 25. Qe3 Nf8 26. Rch1 a5 27. f4 a4 28. Nc1 b5 29. Nf5 gxf5 30. gxf5 Kh8 31. Rg1 Qf7 32. Ne2 Bc6 33. Nd4 Nd7 34. b3 axb3 35. axb3 Rxd4 36. Qxd4+ Qf6 37. Qe3 Ra8 38. c3 Nc5 39. Rg6 Bxe4+ 40. Kb2 Nd3+ 41. Kb1 Ra1+ 42. Kxa1 Qxc3+ 43. Kb1 Qxb3+ 44. Ka1 Qd1+ 45. Ka2 Bd5+ 0-1

[Event "JUG Cup"]
[Site "Ulcinj"]
[Date "1997.??.??"]
[Round "?"]
[White "Kovacevic, Aleksandar"]
[Black "Ristic, Nenad"]
[Result "1-0"]
[WhiteElo "2485"]
[BlackElo "2475"]
[PlyCount "91"]
[EventDate "1997.??.??"]
[Source "www.chesslib.no"]
[SourceDate "2004.05.04"]

1. e4 c5 2. Nf3 d6 3. d4 cxd4 4. Nxd4 Nf6 5. Nc3 g6 6. Be3 Bg7 7. f3 Nc6 8. Qd2 O-O 9. Bc4 Bd7 10. O-O-O Qa5 11. h4 Rfc8 12. Bb3 Ne5 13. Kb1 b5 14. Ncxb5 Qxd2 15. Bxd2 Rab8 16. Nc3 Be8 17. Bg5 Kf8 18. h5 a5 19. hxg6 hxg6 20. a4 Ned7 21. g4 Nc5 22. Bh6 Rb4 23. Bxg7+ Kxg7 24. Rhe1 e5 25. Nde2 Nxb3 26. cxb3 Rxb3 27. Rxd6 Rcb8 28. Rd2 Nd7 29. Nd5 Nc5 30. Nec3 Bxa4 31. Rh1 Rh8 32. Rxh8 Kxh8 33. Nf6 Kg7 34. g5 Ne6 35. Nxa4 Nxg5 36. Nd7 Nxf3 37. Rf2 f5 38. Nc3 fxe4 39. Nc5 Rb4 40. N3xe4 Nh4 41. Ne6+ Kh6 42. Rf8 Rb7 43. Nf6 g5 44. Ng4+ Kh5 45. Nxe5 Rh7 46. Rg8 1-0

[Event "ADCF Masters, Abu Dhabi UAE"]
[Site "?"]
[Date "2001.??.??"]
[Round "5"]
[White "Prasad, D."]
[Black "Volzhin, A."]
[Result "1-0"]
[WhiteElo "2440"]
[BlackElo "2520"]
[PlyCount "53"]
[EventDate "2001.??.??"]
[Source "www.chesslib.no"]
[SourceDate "2004.05.04"]

1. e4 c5 2. Nf3 d6 3. d4 cxd4 4. Nxd4 Nf6 5. Nc3 g6 6. Be3 Bg7 7. f3 O-O 8. Qd2 Nc6 9. Bc4 Bd7 10. O-O-O Qa5 11. Kb1 Ne5 12. Bb3 Rfc8 13. h4 Nc4 14. Bxc4 Rxc4 15. Nb3 Qc7 16. g4 Rc8 17. g5 Ne8 18. Nd5 Qd8 19. Na5 Bc3 20. Nxc3 Qxa5 21. Nd5 Qd8 22. c3 Be6 23. h5 Ng7 24. Nf4 gxh5 25. Nxh5 Nxh5 26. Qh2 Qf8 27. Bd4 1-0

[Event "Troll Masters"]
[Site "Gausdal"]
[Date "1996.??.??"]
[Round "8"]
[White "Thorhallsson, Throstur"]
[Black "Tisdall, Jonathan D"]
[Result "1-0"]
[WhiteElo "2445"]
[BlackElo "2510"]
[PlyCount "57"]
[EventDate "1996.??.??"]
[Source "ChessBase"]

1. e4 c5 2. Nf3 d6 3. d4 cxd4 4. Nxd4 Nf6 5. Nc3 g6 6. Be3 Bg7 7. f3 Nc6 8. Bc4 O-O 9. Qd2 Bd7 10. O-O-O Ne5 11. Bb3 Qa5 12. Kb1 Rfc8 13. h4 Nc4 14. Bxc4 Rxc4 15. Nb3 Qe5 16. Bd4 Qe6 17. Rhe1 Bc6 18. Qd3 a5 19. e5 Rxc3 20. Bxc3 Nd5 21. Bxa5 dxe5 22. Bd2 Qf6 23. Bg5 Qd6 24. c4 e4 25. Qe2 Qb4 26. cxd5 Bb5 27. Qxe4 Bc4 28. Qxe7 Qa4 29. Qa3 1-0

[Event "Master Open"]
[Site "Voronezh"]
[Date "2003.06.18"]
[Round "6"]
[White "Amonatov, Farrukh"]
[Black "Vinokurov, A."]
[Result "1-0"]
[WhiteElo "2558"]
[BlackElo "2394"]
[PlyCount "91"]
[EventDate "2003.06.12"]
[Source "Roberto Alvarez"]
[SourceDate "2003.07.07"]

1. e4 c5 2. Nf3 d6 3. d4 cxd4 4. Nxd4 Nf6 5. Nc3 g6 6. Be3 Bg7 7. f3 O-O 8. Qd2 Nc6 9. Bc4 Bd7 10. O-O-O Qa5 11. Nb3 Qc7 12. g4 Ne5 13. Be2 Rfc8 14. g5 Nh5 15. Nd5 Qd8 16. Bd4 Be6 17. Kb1 Bxd5 18. exd5 a5 19. Qe3 Qc7 20. c3 Qd7 21. Qe4 b5 22. f4 f5 23. Qe3 Ng4 24. Qf3 a4 25. Nc1 Ne5 26. Qf2 Ng4 27. Qf3 Ne5 28. Qf1 b4 29. c4 Ng4 30. Bxg7 Nxg7 31. Qg1 Qa7 32. Rd4 e5 33. dxe6 Nxe6 34. Rxd6 Qe7 35. c5 Nxf4 36. Bc4+ Kh8 37. Qd4+ Qe5 38. Re1 Qxd4 39. Rxd4 Nh3 40. Nd3 Nxg5 41. Bd5 Rab8 42. h4 Nh3 43. Re7 Nhf2 44. Nxf2 Nxf2 45. c6 Rb6 46. Bf3 1-0

[Event "Biel (open)"]
[Site "?"]
[Date "1994.??.??"]
[Round "?"]
[White "Klovans, J."]
[Black "Golubev, M."]
[Result "1-0"]
[WhiteElo "2405"]
[BlackElo "2545"]
[PlyCount "129"]
[EventDate "1994.??.??"]
[Source "ChessBase"]
[SourceDate "1994.06.01"]

1. e4 c5 2. Nf3 d6 3. d4 cxd4 4. Nxd4 Nf6 5. Nc3 g6 6. Be3 Bg7 7. f3 O-O 8. Qd2 Nc6 9. Bc4 Bd7 10. h4 Qa5 11. O-O-O Ne5 12. Bb3 Rfc8 13. g4 Rc4 14. Bxc4 Nxc4 15. Qd3 b5 16. Kb1 Rc8 17. Nb3 Qa6 18. Bc1 b4 19. Nd5 Nxd5 20. exd5 h5 21. Rhg1 Qb7 22. gxh5 Ne5 23. Qe2 Bf5 24. Nd4 Rxc2 25. Nxc2 b3 26. axb3 Qxb3 27. Rg5 Nd3 28. Rxd3 Bxd3 29. Qd2 a5 30. hxg6 fxg6 31. h5 a4 32. Rxg6 a3 33. Rg2 Kf8 34. Qa5 axb2 35. Qd8+ Kf7 36. Rxg7+ Kxg7 37. Qxe7+ Kg8 38. Qe8+ Kg7 39. Bxb2+ Kh6 40. Qe6+ Kxh5 41. Qg4+ Kh6 42. Qh3+ Kg6 43. Qg2+ Kh5 44. f4 Bxc2+ 45. Kc1 Qe3+ 46. Kxc2 Qxf4 47. Kd3 Qf5+ 48. Qe4 Qh3+ 49. Kc4 Qc8+ 50. Kb3 Qb7+ 51. Kc2 Qc8+ 52. Bc3 Qc5 53. Kb3 Qb6+ 54. Bb4 Kg5 55. Qe7+ Kf5 56. Qe6+ Kg5 57. Qxd6 Qe3+ 58. Bc3 Qd3 59. Qe5+ Kg6 60. d6 Qd1+ 61. Kb4 Qb1+ 62. Kc5 Qg1+ 63. Kc6 Qg2+ 64. Kc7 Qa8 65. Qf6+ 1-0

[Event "Ch (Men) Riga LAT"]
[Site "?"]
[Date "2006.03.02"]
[Round "4"]
[White "Neiksans Arturs"]
[Black "Starostits Ilmars"]
[Result "0-1"]
[WhiteElo "2456"]
[BlackElo "2493"]
[PlyCount "84"]
[EventDate "2006.??.??"]
[Source "www.chesslib.no"]
[SourceDate "2004.05.04"]

1. e4 c5 2. Nf3 d6 3. d4 cxd4 4. Nxd4 Nf6 5. Nc3 g6 6. Be3 Bg7 7. f3 Nc6 8. Qd2 Bd7 9. Bc4 O-O 10. O-O-O Qa5 11. Nb3 Qb4 12. Bb5 Nxe4 13. fxe4 Bxc3 14. Qxc3 Qxb5 15. Bh6 Ne5 16. Bxf8 Rxf8 17. Rd5 Qa4 18. Qd4 Nc4 19. Nd2 Rc8 20. b3 Qa3+ 21. Kb1 Nb6 22. Rg5 e5 23. Qd3 Be6 24. c4 Bxc4 25. Nxc4 Rxc4 26. Rg3 Rd4 27. Qc2 d5 28. exd5 Nxd5 29. Qb2 Qxb2+ 30. Kxb2 Rd2+ 31. Ka3 e4 32. Rc1 f5 33. Rc8+ Kf7 34. Rd8 Ke7 35. Rb8 e3 36. Rxb7+ Kf6 37. Rb8 f4 38. Rf3 Rxg2 39. Rf1 e2 40. Rc1 Ne3 41. Re8 e1=Q 42. Rxe1 Nc2+ 0-1